000 00723cam a2200253 4500
001 J2178
008 090401t1991 xxu||||| |||| 00| 0 eng d
035 _a(Sirsi) u47656
041 _aeng
050 _a711.552
110 _aHillier Parker
_92054
245 _aShopping centres of Great Britain: a new classification.
260 _aLondon
_bHillier Parker
_c1991
300 _a57p. ; 30cm.
350 _a50
520 _aInformation derived from Goad Plans.
650 _aGOAD PLANS
650 _aSHOPPING CENTRES
690 _aPROPERTY-COMMERCIAL PROPERTY-RETAIL PROPERTY
710 _aChas E. Goad Ltd.
_92976
710 _aOxford Institute of Retail Management
_93197
942 _n0
948 _c04/03/1997
999 _c92167
_d92167